Dance moms:Season 5 dances Quiz Stats

 Plays Quiz not verified by Sporcle

Score 0/54 Timer 10:00
0 Plays Today
Episode Dance % Correct
99 problems but a mom aint oneFreak Show
86.9%
Showdown in PittsburghElectricity
77.4%
Abby gets servedStomp the yard
75.4%
99 problems but a mom aint oneVictorious
73.5%
99 problems but a mom aint oneDance till I die
61.9%
Jojo with a bow bowElectricity
61%
Jojo with a bow bowBoom Boom
60.7%
Hollywood: Round twoWaiting
60.1%
Abby gets servedThe Judgement
58.9%
Mackenzie's time to shineFancy
58.7%
Bye bye pittsburghFashion victim
54.4%
Nia risks it allProm Queen
54.4%
The new maddie?Diamond in the rough
54.1%
Showdown in PittsburghNever Knew
54%
Jojo with a bow bowOne heart
53.4%
Bye bye pittsburghFrozen together
52.5%
Mackenzie's time to shineWho are you
52.3%
99 problems but a mom aint oneStreetstar
52.2%
Nia's last chanceWaiting on a train to paris
52%
The new maddie?Vertigo
51.6%
Mackenzie's time to shineTell me what you want
50.5%
Jojo with a bow bowSomething to Believe in
50.4%
Hello Hollywood, Goodbye AbbyAll God's Creatures
49.8%
Wild wild west coastLucy and Ethel
49.8%
Wild wild west coastNo Laughing Matter
48.4%
Showdown in PittsburghNo sign of life
47.9%
Bye bye pittsburghClueless
47.9%
Episode Dance % Correct
Wild wild west coastMoulin Rouge
47.7%
Abby gets servedDance in the shadows
47.6%
The great divideThe Domino effect
47.3%
Bye bye pittsburghShe's history
47.2%
Nia's last chanceThe Mannequin
47.2%
Nia risks it allCollateral damage
46.6%
Wild wild west coastNancy and Tonya
45.4%
Abby's trash, Cathy's TreasurePlay to win
43.8%
Abby's trash, Cathy's TreasureGet a clue
43.4%
Hollywood: Round twoTogether we stand
43.2%
The great divideThe Golden Rule
42.9%
The great dividePretty little liar
42.9%
Nia's last chanceThe Color Purple
42.9%
The new maddie?Dance in the rain
42.5%
Hello Hollywood, Goodbye AbbyI'd Rather Be
41.8%
Nia risks it allWelcome to a new world
41.1%
Hollywood: Round twoNever knew
40.7%
Abby's trash, Cathy's TreasureThe little girl down the lane
40.2%
Nia's last chanceDecadent Darlings
39.9%
Maddie vs KalaniDreams come true
38.8%
Maddie vs KalaniThe rose garden
38.3%
The great divideLiving the Blues
37.7%
Maddie vs KalaniInnocent
37.5%
Video killed the ALDC starStraighten up
37.5%
Video killed the ALDC starThis is major
37%
Video killed the ALDC starPlatinum
34.3%
Abby's trash, Cathy's TreasureWalking through a storm
27%

You're not logged in!

Compare scores with friends on all Sporcle quizzes.
OR
Log In

Sporcle TV

Today on Sporcle TV


Watch our educational content, quiz creation guides, and fun videos on Sporcle TV.

Show Comments

Extras

Created Jan 9, 2015ReportNominate
Tags:Dance Moms

Top Quizzes Today


Score Distribution

Your Account Isn't Verified!

In order to create a playlist on Sporcle, you need to verify the email address you used during registration. Go to your Sporcle Settings to finish the process.

Report this User

Report this user for behavior that violates our Community Guidelines.

Details: